Algunas implicaciones de la estratificación en la vida social

Contenido: Clases y subculturas. El sistema de valores de las diferentes clases. Las clases la integración moral y la integración comunitaria

Gardado en:
Detalles Bibliográficos
Formato: Libro
Idioma:Spanish
Materias:
Etiquetas: Engadir etiqueta
Sen Etiquetas, Sexa o primeiro en etiquetar este rexistro!

MARC

LEADER 00000nam a22000007a 4500
003 cru CIDCACS/IIS
005 20221026111529.0
008 170419b2000 cr ||||| |||| 00| 0 spa d
040 |c cru CIDCACS/IIS 
090 |a 05.01.02 E87e T.1 
245 |a Algunas implicaciones de la estratificación en la vida social 
300 |a páginas 3-18 
440 |v Tomo 1 
520 |a Contenido: Clases y subculturas. El sistema de valores de las diferentes clases. Las clases la integración moral y la integración comunitaria 
650 1 0 |9 24  |a CLASES SOCIALES 
650 1 0 |9 2081  |a SOCIOLOGIA 
650 1 0 |9 25  |a ESTRATIFICACION SOCIAL  
650 1 0 |9 4188  |a RALPH DAHRENDORF  
773 0 |0 14856  |9 519  |a Rovira Mas, Jorge   |d San José: EUNED. EUCR   |o 17942  |t Eugenio Fonseca Tortós: selección de su obra sociológica /  |w (cru CIDCACS/IIS)19474 
942 |2 ddc  |c LI 
999 |c 19186  |d 19186